000 00592nam a2200229Ia 4500
005 20250508165030.0
008 008 250505s9999 xx 000 0 eng d
020 _a0-205-14224-9
037 _aTextual
040 _aFEDL
_beng
_cFEDL
041 _aeng
_2eng
084 _a001.42, BES
_qFEDL
100 _aBest John W
245 0 _aResearch in education
250 _a7
260 _aBoston, USA
_bAllyn and Bacon
_c1993
300 _axii,435p.
546 _aMACESE
700 _a Kahn James V
_9779766
942 _cTEXL
_h001.42, BES
999 _c1392760
_d1392760